| 000 | 00331nam a22001337a 4500 | ||
|---|---|---|---|
| 008 | 180924b xxu||||| |||| 00| 0 eng d | ||
| 020 | _a0803601352 | ||
| 041 | _aeng | ||
| 080 |
_23 ED _a616.15 |
||
| 100 | _a9 | ||
| 101 | _aHEM | ||
| 245 |
_aClinical Hematology And Fundamentals Hemostasis _cHarmening.D.M |
||
| 942 |
_2udc _cBK |
||
| 999 |
_c48317 _d48317 |
||